000 01491nam a2200469 i 4500
001 10718
003 KOSZ 005
005 20191017104340.0
008 090224s1959 pl a f |000 0 pol
015 _aPB 1959/5280
035 _a991048303179705066
035 _a(PL-WaBN)b23405028-48omnis_nlop
035 _ab23405028
035 _a(OCoLC)69370525
035 _a(PL)b0000002340502
035 _a(EXLNZ-48OMNIS_NETWORK)9910452853905606
040 _aWA N
_cWA N
_dKOSZ 005/EG
046 _k1959
080 _a532
080 _a(075.8)
100 1 _aBukowski, Jerzy
_d(1902-1982)
_eAutor
245 1 0 _aMechanika płynów /
_cJerzy Bukowski.
260 _aWarszawa :
_bPaństwowe Wydawnictwo Naukowe,
_c1959.
300 _a444 s. :
_bil. ;
_c25 cm.
336 _2rdacontent
_aTekst
_btxt
337 _2rdamedia
_aBez urządzenia pośredniczącego
_bn
338 _2rdacarrier
_aWolumin
_bnc
380 _aKsiążki
380 _aPublikacje dydaktyczne
385 _mPoziom nauczania
_aSzkoły wyższe
388 _a1901-2000
388 _a1945-1989
504 _aBibliogr.
650 7 _aMechanika płynów
_2DBN
655 7 _aPodręczniki akademickie
_2DBN
658 _aFizyka i astronomia
658 _aInżynieria i technika
710 2 _aPaństwowe Wydawnictwo Naukowe
856 _uhttp://koha.tu.koszalin.pl/cgi-bin/koha/opac-detail.pl?biblionumber=10718
_yKatalog online BPK
942 _2UKD
_cKS
999 _c10718
_d10718